|
|
|
|
| LEADER |
00000nam a2200000 a 4500 |
| 001 |
vtls001377136 |
| 003 |
SK-MaSNL |
| 005 |
20260301011224.0 |
| 008 |
240318s1956 xx 0 und |
| 035 |
|
|
|a SNK000331079
|
| 040 |
|
|
|a SNK
|b slo
|c SNK
|e AACR2
|
| 100 |
1 |
|
|a Trapl, Jiří,
|d 1880-1965
|4 aut
|9 131194
|
| 245 |
1 |
0 |
|a Preventivní a léčebný tělocvik ženy
|
| 260 |
|
|
|a Praha
|b SZN
|c 1956
|
| 300 |
|
|
|a 235 s.
|
| 999 |
|
|
|c 550293
|d 552223
|
| 952 |
|
|
|t P60, <04>, [BOOK], {604}
|a SNK
|b SNK
|y VYP
|7 0
|p 17A0218143
|o snkID 14435
|0 0
|1 0
|4 0
|d 1999-11-16
|l 0
|r 2005-01-02 00:00:00
|w 2026-02-23
|
| 952 |
|
|
|a SNK
|b SNK
|y NEVYP
|7 0
|p 17A0459498
|o snkID 14435 D1
|i snkKIP 1610/56
|0 0
|1 1
|4 0
|d 2005-03-01
|l 0
|r 2026-02-23 13:07:53
|w 2026-02-23
|